| 000 | 00871nam a2200265Ia 4500 | ||
|---|---|---|---|
| 003 | OSt | ||
| 005 | 20220927105847.0 | ||
| 006 | a|||||r|||| 00| 0 | ||
| 007 | ta | ||
| 008 | 220926b |||||||| |||| 00| 0 eng d | ||
| 024 | _a27784 | ||
| 037 | _cReference Collections | ||
| 040 |
_aRTL _cRTL _beng |
||
| 041 |
_2eng _aeng |
||
| 082 | _a"X:54.20k931.N55t, J5" | ||
| 110 |
_a"India, Government of ..... Commerce and Industry (Ministry of ...)" _9375443 |
||
| 245 | 0 | _aReport on economic and commercial conditions in Ph | |
| 260 |
_aDelhi _bManager of Publications India _c1955 |
||
| 300 |
_a16p. _ccm. |
||
| 650 | _a Economics | ||
| 650 | _aInternational Trade | ||
| 700 |
_a"India, Government of ..... Commerce and Industry (Ministry of ...)" _9375444 |
||
| 942 |
_h"X:54.20k931.N55t, J5" _cCC |
||
| 999 |
_c694989 _d694989 |
||